Roue de la fortune - Mort subite #5 - Statistiques

Statistiques générales
  • Ce quiz a été pris 240 fois
    171 depuis la dernière actualisation
  • Le résultat moyen est 16 sur 19
Statistiques - réponses
% Correct
E
99%
E
99%
E
99%
A
96%
O
90%
O
90%
L
89%
S
88%
S
88%
S
88%
N
84%
D
81%
R
81%
T
77%
M
70%
M
70%
M
70%
P
70%
B
67%
Aucun quiz correspondant
Distribution des résultats
% des personnes avec chaque résultat
Percentile par nombre de réponses
Votre historique - résultats
Vous n’avez pas pris ce quiz depuis la dernière actualisation